<?xml version="1.0" encoding="UTF-8"?>
<marc:record xmlns:marc="http://www.loc.gov/MARC21/slim">
   <marc:leader>00000nam a2200000 a 4500</marc:leader>
   <marc:datafield ind1="1" ind2=" " tag="100">
      <marc:subfield code="a">Kürthy, Ildikó von</marc:subfield>
      <marc:subfield code="4">aut</marc:subfield>
      <marc:subfield code="e">Verfasser/-in</marc:subfield>
   </marc:datafield>
   <marc:datafield ind1=" " ind2=" " tag="653">
      <marc:subfield code="a">Erlebnisbericht</marc:subfield>
   </marc:datafield>
   <marc:datafield ind1="0" ind2="0" tag="245">
      <marc:subfield code="a">Neuland</marc:subfield>
   </marc:datafield>
   <marc:datafield ind1="0" ind2="0" tag="245">
      <marc:subfield code="b">wie ich mich selber suchte und jemand ganz anderen fand</marc:subfield>
   </marc:datafield>
   <marc:datafield ind1="0" ind2="0" tag="245">
      <marc:subfield code="c">Kürthy, Ildikó von</marc:subfield>
   </marc:datafield>
   <marc:datafield ind1=" " ind2="1" tag="264">
      <marc:subfield code="a">Reinbeck bei Hamburg</marc:subfield>
      <marc:subfield code="b">Wunderlich</marc:subfield>
      <marc:subfield code="c">2015</marc:subfield>
   </marc:datafield>
   <marc:datafield ind1="1" ind2=" " tag="520">
      <marc:subfield code="a">Die Hälfte des Lebens ist vorbei. Und jetzt ist es Zeit. Höchste Zeit.&#xD;
Aber für was eigentlich?&#xD;
Selbstverwirklichung, Gelassenheit, Idealgewicht? Soll ich nach meiner Mitte suchen oder nach einem großen, vielleicht letzten Abenteuer? Ist es Zeit für einen Anfang oder für ein Ende oder doch nur für eine Probestunde Pilates und eine andere Frisur?&#xD;
"Neuland" ist ein Neujahrsbuch. Ein Buch für Neuanfänger und Neuaufhörer.</marc:subfield>
   </marc:datafield>
   <marc:datafield ind1=" " ind2=" " tag="020">
      <marc:subfield code="a">9783805250863</marc:subfield>
      <marc:subfield code="9">9783805250863</marc:subfield>
   </marc:datafield>
   <marc:datafield ind1=" " ind2=" " tag="020">
      <marc:subfield code="a">380525086X</marc:subfield>
      <marc:subfield code="9">380525086X</marc:subfield>
   </marc:datafield>
   <marc:datafield ind1=" " ind2=" " tag="041">
      <marc:subfield code="a">ger</marc:subfield>
   </marc:datafield>
   <marc:datafield ind1=" " ind2=" " tag="338">
      <marc:subfield code="a">Band</marc:subfield>
   </marc:datafield>
   <marc:datafield ind1=" " ind2=" " tag="300">
      <marc:subfield code="a">396 S.</marc:subfield>
   </marc:datafield>
</marc:record>
